| 000 | 00537nam a2200145 a 4500 | ||
|---|---|---|---|
| 001 | 000045637 | ||
| 005 | 20201002052347.0 | ||
| 008 | 150420s2008 ag c 000 0 spa d | ||
| 040 |
_aDO-SdBNP _bspa _cBNPHU |
||
| 100 | 1 |
_aStorni, Alfonsina _973708 |
|
| 245 | 1 | 0 |
_aManifiestos y correspondencias para un croquis del siglo XX / _cAlfonsina Storni, Leopoldo Lugones. |
| 260 |
_aBuenos Aires : _bBiblioteca Nacional de la República de Argentina, _c2008. |
||
| 300 |
_a[24] p. : _bil., retrs. ; _c21 cm. |
||
| 505 | 0 | _av. 4 : 1938 Por mano propia-- | |
| 999 |
_c45126 _d45126 |
||